000 00572nai a2200181Ia 4500
003 IN-BaIIA
008 211028c9999 xx s 000 0 eng d
022 _a0017-467X (Print)
022 _a1745-6584 (Online)
040 _cIIA Library
245 0 _aGroundwater
_h[eJournal]
260 _aNew Jersey
_bJohn Wiley & Sons
310 _aBimonthly
362 _a35(1); 1997 - Present
521 _bSubscribed through National Knowledge Resource Consortium (NKRC)
856 _uhttps://onlinelibrary.wiley.com/journal/17456584
_yClick Here to Access eJournal
942 _cEJ
999 _c34433
_d34433